000 00308nam a22001217a 4500
020 _a0-408-00265-4
082 _a629.246 NEW'A
100 _aSPURR, R. T,NEWCOMB, T. P
_976029
245 _aAUTOMOBILE BRAKES AND BRAKING QUESTIONS & ANSWERS
260 _aLONDON
_bNEWNES
_c1977
300 _a92P
942 _cBK
999 _c581428
_d581428